Human Resource Management (Record no. 5485)

MARC details
000 -LEADER
fixed length control field 00345nam a2200145Ia 4500
008 - FIXED-LENGTH DATA ELEMENTS--GENERAL INFORMATION
fixed length control field 191201s2012 xx 000 0 und d
082 ## - DEWEY DECIMAL CLASSIFICATION NUMBER
Classification number 658.3
Item number CHH
100 ## - MAIN ENTRY--PERSONAL NAME
Personal name CHHABRA, T N
245 #0 - TITLE STATEMENT
Title Human Resource Management
250 ## - EDITION STATEMENT
Edition statement Rep
260 ## - PUBLICATION, DISTRIBUTION, ETC. (IMPRINT)
Place of publication, distribution, etc N.Delhi
Name of publisher, distributor, etc Dhanpat Rai Pubns (P) Ltd
Date of publication, distribution, etc 2012
300 ## - PHYSICAL DESCRIPTION
Extent 824
650 ## - SUBJECT ADDED ENTRY--TOPICAL TERM
Topical term or geographic name as entry element MBA
942 ## - ADDED ENTRY ELEMENTS (KOHA)
Source of classification or shelving scheme Dewey Decimal Classification
Koha item type Text Books
Holdings
Withdrawn status Lost status Source of classification or shelving scheme Damaged status Not for loan Collection code Home library Current library Date acquired Source of acquisition Cost, normal purchase price Bill Number Total Checkouts Full call number Acc. no. / Barcode Checked out Date last seen Date last borrowed Bill Date Koha item type
    Dewey Decimal Classification     MBA PIET C-LIBRARY PIET C-LIBRARY 28/08/2012 IBH, New Delhi 295.00 8881 2 658.3 CHH 20855 27/01/2026 12/01/2026 12/01/2026 22/08/2012 Text Books
    Dewey Decimal Classification     MBA PIET C-LIBRARY PIET C-LIBRARY 28/08/2012 IBH, New Delhi 295.00 8881   658.3 CHH 20856   04/12/2019   22/08/2012 Text Books
    Dewey Decimal Classification     MBA PIET C-LIBRARY PIET C-LIBRARY 28/08/2012 IBH, New Delhi 295.00 8881   658.3 CHH 20857   04/12/2019   22/08/2012 Text Books
    Dewey Decimal Classification     MBA PIET C-LIBRARY PIET C-LIBRARY 28/08/2012 IBH, New Delhi 295.00 8881   658.3 CHH 20858   04/12/2019   22/08/2012 Reference Books
    Dewey Decimal Classification     MBA PIET C-LIBRARY PIET C-LIBRARY 28/08/2012 IBH, New Delhi 295.00 8881   658.3 CHH 20859   04/12/2019   22/08/2012 Text Books
    Dewey Decimal Classification     MBA PIET C-LIBRARY PIET C-LIBRARY 28/08/2012 IBH, New Delhi 295.00 8881 1 658.3 CHH 20860   13/03/2024 22/02/2024 22/08/2012 Text Books
    Dewey Decimal Classification     MBA PIET C-LIBRARY PIET C-LIBRARY 28/08/2012 IBH, New Delhi 295.00 8881   658.3 CHH 20861   04/12/2019   22/08/2012 Text Books

Design & Developed by: PIET Central Library
R70 Miles Stone Pattikalyana Samalkha Panipat 132102
mail ID :- [email protected], Phone No:- 0180-2569700 Ex.216